Совершенствование методики гидрогеохимических поисков в условиях полярного Урала (на примере междуречья Ензорьяхи и Юньяхи): диссертация на соискание ученой степени кандидата геолого-минералогических наук; спец. 25.00.09

Podrobná bibliografie
Hlavní autor: Гусева Н. В. Наталья Владимировна
Korporativní autor: Национальный исследовательский Томский политехнический университет (ТПУ)
Další autoři: Шварцев С. Л. Степан Львович (научный руководитель)
Shrnutí:Защищена 20.10.2010 г.
Jazyk:ruština
Vydáno: Томск, 2010
Témata:
Médium: Kniha
KOHA link:https://koha.lib.tpu.ru/cgi-bin/koha/opac-detail.pl?biblionumber=186660

MARC

LEADER 00000nbm0a2200000 4500
001 186660
005 20250428125716.0
035 |a (RuTPU)RU\TPU\book\202519 
035 |a RU\TPU\book\202518 
090 |a 186660 
100 |a 20101101j20101020k y0rusy50 ca 
101 0 |a rus 
102 |a RU 
105 |a a m 001zy 
200 1 |a Совершенствование методики гидрогеохимических поисков в условиях полярного Урала (на примере междуречья Ензорьяхи и Юньяхи)  |e диссертация на соискание ученой степени кандидата геолого-минералогических наук  |e спец. 25.00.09  |f Н. В. Гусева  |g Национальный исследовательский Томский политехнический университет (ТПУ) ; науч. рук. С. Л. Шварцев 
210 |a Томск  |d 2010 
215 |a 199 л.  |c ил. 
300 |a Защищена 20.10.2010 г. 
320 |a Библиогр.: с. 188-199 (117 назв.). 
606 1 |a Воды природные  |x Гидрогеохимия  |2 stltpush  |3 (RuTPU)RU\TPU\subj\3203  |9 31656 
610 1 |a гидрогеохимические поиски 
610 1 |a Полярный Урал 
610 1 |a история 
610 1 |a природно-климатические условия 
610 1 |a воды 
610 1 |a формирование 
610 1 |a гидрогеохимические поиски 
610 1 |a результаты 
610 1 |a диссертации 
610 1 |a труды учёных ТПУ 
675 |a 556.114(04)  |v 3 
686 |a 25.00.09  |2 oksvnk 
700 1 |a Гусева  |b Н. В.  |c гидрогеолог  |c профессор Томского политехнического университета, доктор геолого-минералогических наук  |f 1984-  |g Наталья Владимировна  |3 (RuTPU)RU\TPU\pers\27100  |9 12650 
702 1 |a Шварцев  |b С. Л.  |c российский гидрогеолог, доктор геолого-минералогических наук  |c профессор Томского политехнического университета, академик РАЕН  |f 1936-  |g Степан Львович  |3 (RuTPU)RU\TPU\pers\25914  |4 727 
712 0 2 |a Национальный исследовательский Томский политехнический университет (ТПУ)  |c (2009- )  |3 (RuTPU)RU\TPU\col\15902 
801 1 |a RU  |b 63413507  |c 20101101 
801 2 |a RU  |b 63413507  |c 20120927  |g RCR 
850 |a 63413507 
942 |c BK